Statistics for Sherlock Episodes

Click here to take the quiz!

General Stats

  • This quiz has been taken 13 times
  • The average score is 11 of 14

Answer Stats

HintAnswer% Correct
S01E01A Study in Pink
100%
S02E01A Scandal in Belgravia
90%
S02E02The Hounds of Baskerville
90%
S03E03His Last Vow
80%
S01E02The Blind Banker
80%
S04E03The Final Problem
80%
S01E03The Great Game
80%
S02E03The Reichenbach Fall
80%
S03E02The Sign of Three
80%
Full-Length SpecialThe Abominable Bride
70%
S03E01The Empty Hearse
70%
S04E02The Lying Detective
70%
S04E01The Six Thatchers
70%
Mini SpecialMany Happy Returns
50%

Score Distribution

Percentile by Number Answered

Percent of People with Each Score

Your Score History

You have not taken this quiz